000 00652nam a2200253Ia 4500
003 OSt
005 20221006144926.0
006 a|||||r|||| 00| 0
007 ta
008 221006b |||||||| |||| 00| 0 eng d
020 _c15.00
024 _a13,208
037 _cTextual
040 _aEASL
_cEASL
_beng
041 _2eng
_aeng
082 _aV41,41-1xM93, L7
100 _aDELYUSIN Lev
245 0 _aSocio political essence of Maoism
260 _aNew Delhi
_bSterling Pun.
_c1977
300 _a70p.
_ccm.
490 _v CEL
942 _hV41,41-1xM93, L7
_cTEXL
_2CC
999 _c1081294
_d1081294